01020 a2200169 45000010006000000050017000060080041000230030015000640400040000790800022001192450038001412500011001792640047001903000019002375050573002561000021008292281520260407155518.0260407a1954 arg spa dAR-UNSa-BCEJYS aAR-UNSa-BCEJYSbspacAR-UNSa-BCEJYS a657xContabilidad10aElementos de contabilidad general a2a. ed 1aBuenos Aires :bSelección Contablec1954 a379 p.c22 cm. a1. El ente y su zona económica: La hacienda - 2. El patrimonio, elemento material de la hacienda - 3. El capital en las empresas - 4. El órgano administrativo - 5. Las funciones de administración económica - 6. La contabilidad en la esfera en la espera de la administración económica - 7. Inventarios - 8. La valuación de inventarios - 9. Presupuestos - 10. El contreñimiento de la gestión administrativa - 11. Las registración en contabilidad - 12. Métodos de registración - 13. La partida doble - 14. Las diversas formas de la partida doble.1 aArevalo, Alberto